|
|
|
|
| LEADER |
01110nam a2200313 a 4500 |
| 001 |
4238 |
| 003 |
BD-DhAAL |
| 005 |
20151126001236.0 |
| 006 |
|
| 008 |
150922s2007 maua s 000 0 eng d |
| 020 |
|
|
|a 0750648678
|
| 020 |
|
|
|a 9781422120651 (hbk.)
|
| 040 |
|
|
|a CtWfDGI
|c CtWfDGI
|d NIC
|d BD-DhAAL
|
| 050 |
1 |
4 |
|a HF5549
|b .D77 2007eb
|
| 082 |
0 |
4 |
|a 658.3
|2 22
|
| 100 |
1 |
|
|a Drucker, Peter F.
|q (Peter Ferdinand),
|d 1909-2005.
|9 14982
|
| 245 |
1 |
0 |
|a People and performance
|b the best of Peter Drucker on management /
|c Peter F. Drucker.
|
| 256 |
|
|
|a Computer document.
|
| 260 |
|
|
|a Boston, Mass. :
|b Harvard Business School Press,
|c 2003
|
| 300 |
|
|
|a 366 p. ;
|c 23 cm.
|
| 500 |
|
|
|a Title from title screen.
|
| 541 |
|
|
|e 4238
|
| 650 |
|
0 |
|a Personnel management.
|9 14983
|
| 650 |
|
0 |
|a Employees
|x Rating of.
|9 14984
|
| 650 |
|
7 |
|a Employees
|x Rating of
|2 fast
|9 14984
|
| 650 |
|
7 |
|a Personnel management
|2 fast
|9 14983
|
| 942 |
|
|
|2 ddc
|c BK
|
| 999 |
|
|
|c 35644
|d 35644
|
| 952 |
|
|
|0 0
|1 0
|2 ddc
|4 0
|6 658_300000000000000_DRU
|7 0
|9 56056
|a SCL
|b SCL
|c GEN
|d 2015-09-22
|g 445.00
|l 0
|o 658.3 DRU
|p 3020004238
|r 2015-09-22
|t 1
|w 2015-09-22
|y BK
|